| 000 | 00873cam a22002655i 4500 | ||
|---|---|---|---|
| 999 |
_c25817 _d25789 |
||
| 001 | 8818865 | ||
| 003 | EG-ScBUE | ||
| 005 | 20200209145405.0 | ||
| 008 | 750826s1947 nyu f 001 0 eng d | ||
| 040 |
_aDLC _beng _erda _cFM _dOCoLC _dPPiU _dDLC _dEG-ScBUE |
||
| 082 | 0 | 4 |
_a808 _bCOL _222 |
| 100 | 1 |
_aColby, Frank O., _d1892 or 1893-1951, _eauthor. |
|
| 245 | 1 | 4 |
_aThe practical handbook of better English / _cby Frank Colby. |
| 250 | _aSecond edition, revised and Enlarged. | ||
| 264 | 1 |
_aNew York : _bGrosset & Dunlap Publishers, _c1947. |
|
| 300 |
_a309 pages ; _c20 cm |
||
| 336 |
_atext _btxt _2rdacontent |
||
| 337 |
_aunmediated _bn _2rdamedia |
||
| 338 |
_avolume _bnc _2rdacarrier |
||
| 500 | _aIncludes index. | ||
| 650 | 7 |
_aEnglish language _xUsage _xHandbooks, manuals, etc. _2BUEsh |
|
| 651 | _2BUEsh | ||
| 653 |
_bGGEN _bHHUUEENN _cDecember2017 |
||
| 942 |
_2ddc _cBB |
||